000 00455nam a22001697a 4500
001 2944
003 BD-DhBUF
005 20260107122959.0
008 260107b bg ||||| |||| 00| 0 ben d
020 _a0026421216
040 _aBD-DhBUF
_cBD-DhBUF
100 _aFowler, Charles
_94279
245 _aMusic!
_bits role and importance in our lives
_cCharles Fowler
260 _aNew Yowk :
_bMcGraw-Hill
_c 1994.
300 _a572p. :
_c26cm. ;
942 _2ddc
_cBK
999 _c2944
_d2944